| 000 | 00872nam a2200301 a 4500 | ||
|---|---|---|---|
| 001 | 57761 | ||
| 003 | BD-RJUL | ||
| 005 | 20211209080541.0 | ||
| 008 | 161211s1977 ilua b 001 0 eng | ||
| 020 | _a0030183669 | ||
| 035 | _aBD-RJUL 57885 | ||
| 035 | _a(OCoLC)03020022 | ||
| 035 | _aGLIS00044797 | ||
| 040 |
_aDLC _cDLC _dMYG _beng |
||
| 041 | _aeng | ||
| 082 |
_223 _a362.973 _bSCS 1977 |
||
| 099 | _aHN59.S4 1977 | ||
| 100 | 1 |
_aScarpitti, Frank R. _9171531 |
|
| 245 | 1 | 0 |
_aSocial problems / _cFrank R. Scarpitti. |
| 250 | _a2d ed. | ||
| 260 |
_aHinsdale, Ill. : _bDryden Press, _cc1977. |
||
| 300 |
_axiii, 661 p. : _bill. ; _c25 cm. |
||
| 504 | _aIncludes bibliographical references and index. | ||
| 650 | 0 |
_aSocial problems. _9170755 |
|
| 651 | 0 |
_aUnited States _xSocial conditions _y1960-1980. _9171532 |
|
| 942 |
_2ddc _cBK |
||
| 999 |
_c57761 _d57761 |
||